Widok standardowy
Widok MARC
Pozycja Geographic Name
Liczba rekordów, w których użyto hasła: 2
001 - Numer kontrolny
- control field: 40389
003 - Identyfikator numeru kontrolnego
- control field: NUKAT
005 - Data i czas ostatniej modyfikacji
- control field: 20260422114201.0
008 - Dane kontrolne kodowane (40 znaków)
- fixed length control field: 990430 ||a|znnbabn |a ana |c
010 ## - Numer kontrolny Biblioteki Kongresu
- numer kontrolny LC: s 99082668
040 ## - Instytucja sporządzająca rekord
- inst. przygot. dane do rek. khw: KR U/ACH
- język haseł przedmiotowych/tezaurus: kaba
- inst. wprow. rek. khw: WA U/EP
083 #4 - DEWEY DECIMAL CLASSIFICATION NUMBER
- pojed. symbol lub pocz. z zakr. symboli: 943.8
- określenie wyjaśniające: Historia Polski
151 ## - Hasło - nazwa geograficzna
- nazwa geograficzna: Polska
- określnik rzeczowy: życie intelektualne
- określnik chronologiczny: 1795-1918.
451 ## - Trop zob. - nazwa geograficzna
- nazwa geograficzna: Pologne
- określnik rzeczowy: vie intellectuelle
- określnik chronologiczny: 1795-1918 [f]
451 ## - Trop zob. - nazwa geograficzna
- nazwa geograficzna: Poland
- określnik rzeczowy: Intellectual life
- określnik chronologiczny: 1795-1918 [c]
451 ## - Trop zob. - nazwa geograficzna
- nazwa geograficzna: Polska
- określnik rzeczowy: życie intelektualne
- określnik chronologiczny: 19 w.
670 ## - Źródło informacji
- źródło informacji: RAMEAU